Nerovnováha plodí prehrievanie slovenská ekonomika v roku 1997 a v prvom polroku 1998

Vývoj vývozu a dovozu Slovenska v roku 1997. Obchodná bilancia SR v roku 1997. Zaostávanie rastu objemu priemyselnej produkcie. Stav inflácie. Prehĺbenie schodku štátneho rozpočtu SR v roku 1997. Nárast nezamestnanosti.

Salvato in:
Dettagli Bibliografici
Autore principale: Haluška, Ján
Altri autori: Olexa, Michal
Natura: Libro
Lingua:slovacco
Soggetti:
Tags: Aggiungi Tag
Nessun Tag, puoi essere il primo ad aggiungerne!!

MARC

LEADER 00000nam a2200000 4500
001 r031222
005 20230824095018.8
041 0 |a slo 
044 |a SK 
245 1 0 |a Nerovnováha plodí prehrievanie  |b slovenská ekonomika v roku 1997 a v prvom polroku 1998  |c Ján Haluška, Michal Olexa 
520 |a Vývoj vývozu a dovozu Slovenska v roku 1997. Obchodná bilancia SR v roku 1997. Zaostávanie rastu objemu priemyselnej produkcie. Stav inflácie. Prehĺbenie schodku štátneho rozpočtu SR v roku 1997. Nárast nezamestnanosti. 
610 2 0 |a hospodárstvo národné 
610 2 0 |a produkt domáci hrubý 
610 2 0 |a vývoz 
610 2 0 |a dovoz 
610 2 0 |a bilancia obchodná 
610 2 0 |a priemysel 
610 2 0 |a rozpočet štátny 
610 2 0 |a Slovensko 
610 2 0 |a 1997-1998 
610 2 0 |a ukazovatele ekonomické 
610 2 0 |a nezamestnanosť 
100 1 |a Haluška, Ján 
700 1 |a Olexa, Michal